<?xml version="1.0" encoding="UTF-8"?>
<record
    xmlns:xsi="http://www.w3.org/2001/XMLSchema-instance"
    xsi:schemaLocation="http://www.loc.gov/MARC21/slim http://www.loc.gov/standards/marcxml/schema/MARC21slim.xsd"
    xmlns="http://www.loc.gov/MARC21/slim">

  <leader>01282nam a2200253 u 4500</leader>
  <controlfield tag="001">69358</controlfield>
  <controlfield tag="005">20260428111044.0</controlfield>
  <controlfield tag="008">960313s1974                        spa  </controlfield>
  <datafield tag="020" ind1=" " ind2=" ">
    <subfield code="a">84-244-0359-2</subfield>
  </datafield>
  <datafield tag="035" ind1=" " ind2=" ">
    <subfield code="a">69358</subfield>
  </datafield>
  <datafield tag="035" ind1=" " ind2=" ">
    <subfield code="a">(OCoLC)778194383</subfield>
  </datafield>
  <datafield tag="040" ind1=" " ind2=" ">
    <subfield code="c">comduadb</subfield>
  </datafield>
  <datafield tag="041" ind1=" " ind2=" ">
    <subfield code="a">spa</subfield>
  </datafield>
  <datafield tag="082" ind1=" " ind2="4">
    <subfield code="a">150</subfield>
  </datafield>
  <datafield tag="100" ind1="1" ind2="0">
    <subfield code="a">Bay&#xE9;s, Ram&#xF3;n,</subfield>
    <subfield code="d">1930-</subfield>
    <subfield code="4">aut</subfield>
    <subfield code="0">(isni)0000000116960733</subfield>
    <subfield code="0">(viaf)106970972</subfield>
    <subfield code="e">aut</subfield>
    <subfield code="9">246852</subfield>
  </datafield>
  <datafield tag="245" ind1="1" ind2="4">
    <subfield code="a">Una introducci&#xF3;n al m&#xE9;todo cient&#xED;fico en psicolog&#xED;a</subfield>
  </datafield>
  <datafield tag="250" ind1=" " ind2=" ">
    <subfield code="a">1. edici&#xF3;n</subfield>
  </datafield>
  <datafield tag="260" ind1=" " ind2=" ">
    <subfield code="a">Barcelona :</subfield>
    <subfield code="b">Direccion General de Estadistica,</subfield>
    <subfield code="c">1974.</subfield>
  </datafield>
  <datafield tag="300" ind1=" " ind2=" ">
    <subfield code="a">240 p&#xE1;ginas</subfield>
  </datafield>
  <datafield tag="505" ind1=" " ind2=" ">
    <subfield code="a">CONTENIDO : Pr&#xF3;logo. -- I: Definici&#xF3;n y l&#xED;mites de la ciencia. -- II: Caracter&#xED;sticas del conocimiento que proporciona la ciencia. -- III: El m&#xE9;todo cient&#xED;fico-natural. -- IV: G&#xE9;nesis del descubrimiento cient&#xED;fico. -- La psicolog&#xED;a como ciencia. -- 1: Premisas. -- VI: La psicolog&#xED;a como ciencia. -- 2: Perspectivas. -- VII: Una propuesta para la formaci&#xF3;n de investigadores. -- VIII: Reflexiones ante una taza de caf&#xE9;. -- IX: Reflexi&#xF3;n final. -- referencias. -- &#xCD;ndice onom&#xE1;stico. -- &#xCD;ndice de materias.</subfield>
  </datafield>
  <datafield tag="650" ind1=" " ind2=" ">
    <subfield code="a">Psicolog&#xED;a - Metodologia de la Investigacion</subfield>
    <subfield code="9">174964</subfield>
  </datafield>
  <datafield tag="650" ind1=" " ind2=" ">
    <subfield code="a">Psicolog&#xED;a experimental</subfield>
    <subfield code="9">58321</subfield>
  </datafield>
  <datafield tag="942" ind1=" " ind2=" ">
    <subfield code="c">BOOK</subfield>
  </datafield>
  <datafield tag="999" ind1=" " ind2=" ">
    <subfield code="c">12037</subfield>
    <subfield code="d">12037</subfield>
  </datafield>
  <datafield tag="952" ind1=" " ind2=" ">
    <subfield code="0">0</subfield>
    <subfield code="1">0</subfield>
    <subfield code="4">0</subfield>
    <subfield code="7">0</subfield>
    <subfield code="8">GEN</subfield>
    <subfield code="a">BC</subfield>
    <subfield code="b">BC</subfield>
    <subfield code="d">1999-04-07</subfield>
    <subfield code="i">C112102</subfield>
    <subfield code="l">0</subfield>
    <subfield code="o">150.72 B357i</subfield>
    <subfield code="p">61000000244265</subfield>
    <subfield code="r">2023-04-20 00:00:00</subfield>
    <subfield code="t">1</subfield>
    <subfield code="w">2023-04-20</subfield>
    <subfield code="y">BOOK</subfield>
  </datafield>
</record>
